Classement WTA/mars 2020 - Statistiques

Statistiques générales
  • Ce quiz a été pris 45 fois
  • Le résultat moyen est 42 sur 100
Statistiques - réponses
Rang Joueur Pays % Correct
2 Simona Halep Roumanie
95%
8 Serena Williams États-Unis
92%
1 Ashleigh Barty Australie
89%
64 Venus Williams États-Unis
89%
47 Caroline Garcia France
87%
7 Elina Svitolina Ukraine
84%
10 Naomi Osaka Japon
84%
58 Alizé Cornet France
79%
20 Maria Sakkari Grèce
79%
23 Elise Mertens Belgique
76%
51 Victoria Azarenka Biélorussie
76%
13 Aryna Sabalenka Biélorussie
74%
39 Kristina Mladenovic France
74%
9 Belinda Bencic Suisse
71%
4 Bianca Andreescu Canada
71%
41 Jelena Ostapenko Lettonie
71%
3 Karolina Pliskova République Tchèque
71%
93 Kristie Ahn États-Unis
71%
65 Kristyna Pliskova République Tchèque
71%
44 Ons Jabeur Tunisie
71%
11 Petra Kvitova République Tchèque
71%
21 Angelique Kerber Allemagne
68%
50 Iga Swiatek Pologne
68%
16 Garbine Muguruza Espagne
66%
15 Johanna Konta Royaume-Uni
66%
6 Kiki Bertens Pays-Bas
66%
31 Shuai Zhang Chine
66%
17 Elena Rybakina Kazakhstan
63%
22 Anett Kontaveit Estonie
58%
14 Petra Martic Croatie
58%
35 Sloane Stephens États-Unis
58%
37 Saisai Zheng Chine
55%
5 Sofia Kenin États-Unis
55%
12 Madison Keys États-Unis
53%
33 Magda Linette Pologne
53%
52 Fiona Ferro France
50%
28 Qiang Wang Chine
50%
56 Yafan Wang Chine
50%
49 Cori Gauff États-Unis
47%
24 Donna Vekic Croatie
47%
95 Kaia Kanepi Estonie
47%
84 Monica Puig Puerto Rico
45%
27 Karolina Muchova République Tchèque
42%
32 Yulia Putintseva Kazakhstan
42%
30 Anastasia Pavlyuchenkova Russie
39%
53 Su-Wei Hsieh Taiwan
39%
40 Anastasija Sevastova Lettonie
37%
91 Paula Badosa Espagne
37%
29 Amanda Anisimova États-Unis
34%
100 Camila Giorgi Italie
34%
70 Carla Suarez Navarro Espagne
34%
73 Daria Kasatkina Russie
34%
25 Dayana Yastremska Ukraine
34%
79 Jessica Pegula États-Unis
34%
66 Jil Teichmann Suisse
34%
72 Sorana Cirstea Roumanie
34%
38 Veronika Kudermetova Russie
34%
62 Alison Van Uytvanck Belgique
32%
87 Danka Kovinic Montenegro
32%
26 Ekatarina Alexandrova Russie
32%
54 Ajla Tomljanovic Australie
29%
94 Jasmine Paolini Italie
29%
43 Rebecca Peterson Suède
29%
92 Viktorija Golubic Suisse
29%
83 Andrea Petkovic Allemagne
26%
75 Arantxa Rus Pays-Bas
26%
48 Danielle Collins États-Unis
26%
78 Kristen Flipkens Belgique
26%
96 Samantha Stosur Australie
26%
80 Sara Sorribes Tormo Espagne
26%
90 Tatjana Maria Allemagne
26%
55 Katerina Siniakova République Tchèque
24%
68 Laura Siegemund Allemagne
24%
57 Marie Bouzkova République Tchèque
24%
18 Marketa Vondrousova République Tchèque
24%
89 Misaki Doi Japon
24%
46 Svetlana Kuznetsova Russie
24%
97 Anastasia Potapova Russie
21%
69 Heather Watson Royaume-Uni
21%
36 Julia Gorges Allemagne
21%
74 Tamara Zidansek Slovénie
21%
98 Timea Babos Hongrie
21%
59 Anna Blinkova Russie
18%
45 Jennifer Brady États-Unis
18%
77 Lin Zhu Chine
18%
61 Zarina Diyas Kazakhstan
18%
19 Alison Riske États-Unis
16%
34 Barbora Strycova République Tchèque
16%
88 Ana Bogdan Roumanie
13%
60 Lauren Davis États-Unis
13%
76 Madison Brengle États-Unis
13%
81 Patricia Maria Tig Roumanie
13%
42 Polona Hercog Slovénie
13%
86 Christina McHale États-Unis
8%
71 Nao Hibino Japon
8%
67 Taylor Townsend États-Unis
8%
63 Bernarda Pera États-Unis
5%
99 Kateryna Kozlova Ukraine
5%
82 Nina Stojanovic Serbie
3%
85 Viktoria Kuzmova Slovaquie
0%
Aucun quiz correspondant
Distribution des résultats
% des personnes avec chaque résultat
Percentile par nombre de réponses
Votre historique - résultats
Vous n’avez pas pris ce quiz